• 首页
  • 本馆介绍
  • 公告通知
  • 最新文献
  • 馆藏检索
  • 电子资源
  • 读者导购
  • 参考咨询
  • 我的图书馆
  • 登录
  • 详细信息显示
  • 放入我的书架
  • 预约/预借图书
  • 作者相关作品
  • 分类相关作品
  • 丛书相关作品
  • 出版社相关作品

书目信息

  • 表格格式
  • 工作单格式
  • 卡片格式
题名:
数理化通俗演义
    
 
作者: 梁衡 著
分册: 第1册  
出版信息: 北京   电子工业出版社  1985
页数: 143页
开本: 20cm
丛书名:
单 册:
中图分类: K816.1 , I247.4
科图分类:
主题词: 数学家--生平事迹--世界 , 化学家--生平事迹--世界 , 物理学家--生平事迹 , 小说--中国
电子资源:
ISBN:
000 00768nam0 2200289 45
001 0185009255
005 20030102235248.0
010    @dCNY0.98
091    @a17290.172
100    @a19900918d1985 em y0chiy0121 ea
101 0  @achi
102    @aCN@b110000
105    @af z 000yd
106    @ar
200 10 @a数理化通俗演义@Ashu li hua tong su yan yi@h第1册@f梁衡著
210    @a北京@c电子工业出版社@d1985
215    @a143页@c图@d20cm
606    @a数学家@x生平事迹@y世界
606    @a化学家@x生平事迹@y世界
606    @a物理学家@x生平事迹
606 0  @a小说@x中国
690    @aK816.1@v3
690    @aI247.4
701  0 @a梁衡@Aliang heng@4著
801  0 @aCN@b深圳图书馆@c20030102
801  2 @aCN@bNLC@c20030102
905    @f2@b152755-756@dI247.4@e219
    
    数理化通俗演义.第1册/梁衡著.-北京:电子工业出版社,1985
    143页:图;20cm
    
    
    ISBN :CNY0.98
    
●
相关链接 在E读中查询图书 在五车中查询图书 在当当中查询图书 在豆瓣中查询图书


正题名:数理化通俗演义     索取号:I247.4/219         预约/预借

序号 登录号 条形码 馆藏地/架位号 状态 备注
1 0152755   001648275   第二借阅区/ [索取号:I247.4/219] 在馆    
2 0152756   000116966   第二借阅区/ [索取号:I247.4/219] 在馆    
3 0152757   000116975   第一样本阅览室/ [索取号:I247.4/219] 在馆    
唐山师范学院图书馆 欢迎您!
大连网信软件有限公司© 版权所有